[Event "Oregon Junior Closed"]
[Site "?"]
[Date "2021.12.11"]
[Round "2"]
[White "Sripada, Havish"]
[Black "Tang, Zoey"]
[Result "0-1"]
[WhiteElo "2007"]
[BlackElo "2224"]
[Annotator "Wilson Gibbins"]
[PlyCount "76"]

{[%evp 0,76,25,25,51,51,73,57,69,38,38,32,39,35,78,56,57,22,56,34,34,19,38,30,
30,30,-2,5,5,-132,45,18,18,-60,-77,-124,-136,-137,-137,-137,-100,-169,-155,
-349,-364,-363,-371,-427,-451,-451,-463,-530,-551,-574,-575,-634,-625,-627,
-612,-658,-597,-683,-597,-778,-726,-766,-786,-907,-997,-1012,-869,-2183,-2611,
-29987,-3031,-29983,-29984,-29999,-30000]} 1. e4 c5 2. Nf3 d6 3. d4 cxd4 4.
Nxd4 Nf6 5. Nc3 Nc6 6. Bc4 e6 7. Be3 a6 8. Qe2 Qc7 9. Bb3 Be7 10. O-O-O Na5 ({
Zoey played} 10... O-O {against Pranav Anoop in the 2021 Oregon Open (see page
5 of the November 2021 issue). Castling gives White a target for a kingside
attack. This is a standard Sicilian technique of tempting White players to
decentralize their pieces by using your king as bait, which may sound risky,
mainly because it is. This time Zoey leaves her king in the center, which has
a different set of risks and rewards.}) 11. g4 b5 12. g5 Nxb3+ 13. axb3 Nd7 14.
Nf5 {This looks like a speculative sacrifice, but it is actually the main move
which has been analyzed quite a bit with no particular conclusion. Velimirovic
himself played this move in the earliest recorded game he played in his
namesake line.} Bb7 $6 {Zoey declines the sacrifice, avoiding tons (terabytes?)
of analysis at the cost of an inferior position with plenty of chances for
both sides to go wrong.} (14... exf5 15. Nd5 Qd8 16. exf5 O-O (16... Bb7 $1 $13
) 17. f6 gxf6 18. Bd4 Ne5 19. gxf6 Bxf6 20. Rhg1+ Bg7 21. Bxe5 dxe5 22. Qxe5 f6
23. Ne7+ Kf7 24. Qh5+ {1-0 (24) Velimirovic,D-Sofrevski,J Titograd 1965}) 15.
Nxe7 $1 ({I would have tempted to take a pawn with check and ask questions
later} 15. Nxg7+ Kf8 16. Nh5 {is a little better for White, but Havish's
choice is better.}) 15... Kxe7 {[#]} 16. Bd4 $2 (16. Rd4 $1 {prepares to
double rooks to attack Black's backward d-pawn, slows down Black's b5-b4
counterplay, and offers some temporary defense of the e-pawn.} Qa5 (16... e5
17. Nd5+ Bxd5 18. Rxd5 $18 {and Stockfish says White is much better.}) 17. Kb1
{Now Black can try the plan that Zoey effectively used in the game, but it
doesn't work here.} b4 18. Na4 e5 19. Rd2 Bxe4 20. Bb6 $1 Bxc2+ 21. Rxc2 Nxb6
22. Rc7+ {and the engines say White is much better in spite of Black's
material advantage.} Nd7 (22... Kd8 23. Rhc1 Nxa4 24. Qe4 Rb8 (24... Nc3+ 25.
R7xc3 bxc3 26. Qxa8+) 25. Qc6) 23. Rhc1 Rhd8 24. R1c6 $18 {and White's pieces
are cannot be prevented from walking into Black's position with threats like
25.Nb6 and 25.Qh5.}) 16... b4 $1 $17 {One inaccurate move by White and the
advantage passes to Black.} 17. Na4 e5 $1 18. Be3 Bxe4 19. f3 Bc6 20. Qc4 $2 (
20. Rd2 $17 {defends against Black's checkmate threats on c2 that will soon be
appearing.}) 20... Rac8 $1 $19 21. Qxb4 (21. Rd2 Bxf3 22. Rf1 Qxc4 23. bxc4 Be4
24. b3 {and Stockfish says that Black's advantage is much greater than the
extra two pawns imply}) 21... Bxa4 22. Rd2 Bc6 23. c4 Bxf3 24. Rf1 Bh5 25. g6
hxg6 26. Rdf2 f6 27. Qd2 Nc5 28. Bxc5 dxc5 29. h4 Qd6 30. Qa5 Rhd8 31. Kb1 Rb8
32. Ka2 Bd1 33. Ka3 Rxb3+ 34. Ka2 Rb4 35. b3 Bxb3+ 36. Kb2 Bxc4+ 37. Kc1 Bxf1
38. Rb2 Qd1# 0-1

[Event "Oregon Junior Closed"]
[Site "?"]
[Date "2021.12.12"]
[Round "4"]
[White "Tang, Zoey"]
[Black "Nair, Roshen"]
[Result "1/2-1/2"]
[WhiteElo "2224"]
[BlackElo "2105"]
[Annotator "Wilson Gibbins"]
[PlyCount "131"]

{[%evp 0,131,19,19,10,5,24,25,36,6,54,47,52,55,48,50,50,40,50,41,81,53,58,42,
25,-10,72,52,51,55,114,147,147,146,152,143,159,174,166,89,114,80,114,114,168,
137,130,128,127,92,201,188,202,137,162,125,129,127,121,120,130,136,123,127,125,
127,112,112,143,148,150,160,164,147,140,145,254,261,276,169,312,306,315,314,
311,192,222,236,229,164,173,175,175,197,213,244,244,196,341,244,244,246,246,
266,266,167,167,0,0,0,0,0,0,0,0,0,0,0,0,0,0,0,0,0,0,0,0,0,0,0,0,0,0,0]} {
Zoey and Roshen were tied with 2.5 points going into round 4. Roshen usually
plays the Slav against 1.d4, Zoey usually plays the exchange variation, so the
opening will be easy to predict.} 1. d4 d5 2. c4 c6 3. Nf3 {Easy to predict
the opening, but not easy to accurately predict. Zoey varies from her usual
repertoire, a good practice for closed tournaments where the players have a
week to prepare.} Nf6 4. Nc3 a6 5. c5 g6 6. Bf4 Bg7 7. e3 Nbd7 8. Bd3 O-O 9.
O-O Ne8 10. Qc2 Nc7 11. b4 Re8 12. Rfd1 ({Stockfish recommends} 12. Bg5 {
which provokes} f6 {a move that Black plays willingly in the game.} {But after}
13. Bh4 e5 14. dxe5 Nxe5 15. Nxe5 {the pin on Black's f-pawn means that he
must play} Rxe5 16. Na4 {and White is better with the knight jumping to b6,
the e3-e4 break in the works to open the position for White's better developed
pieces, and the dark-squared bishop taking over the g3-b8 diagonal, especially
relevant after the moves} Z0 17. Nb6 Rb8) 12... f6 $6 {Black plans to take
over the center, but this is too ambitious as White is better developed and
Black is cramped.} (12... e5 $1 13. dxe5 Nxe5 14. Nxe5 Bxe5 15. Bxe5 Rxe5 {
and in this position} 16. Na4 {isn't as troublesome as the position from the
previous note. With the dark-squared bishops off the board, the g3-b8 diagonal
isn't as vulnerable.} Bg4) 13. e4 $1 {Opening the game and accentuating
White's overwhelming advantage, which she will maintain for nearly the whole
game.} e5 14. Bg3 $16 f5 15. exd5 cxd5 16. Nxd5 Nxd5 17. Bc4 e4 18. Bxd5+ Kh8
19. Ne1 $16 (19. Ne5 $1 $18) 19... Nf6 20. Bf7 Rf8 21. Bb3 Ne8 22. Be5 Bxe5 23.
dxe5 Qe7 24. f4 exf3 (24... g5 {is the kind of recommendations that engines
irresponsibly make to flesh and blood's players who may be less enthusiastic
about removing the king's pawn cover when they are worse. White is still much
better, but less so than in the game continuation.}) 25. Nxf3 a5 26. a3 Nc7 27.
Qd3 Be6 28. Bxe6 Nxe6 29. Qc4 axb4 30. axb4 Rxa1 31. Rxa1 Rd8 32. h3 Qd7 33.
Kh2 Re8 34. Ra2 Qc6 35. Qh4 Qe4 36. Rd2 Qxh4 37. Nxh4 Nd8 38. Rd7 Nc6 39. b5
Rxe5 $6 (39... Nxe5 40. Rxb7 {is hopeless for Black, but sacrificing a piece
in an endgame should be hopeless too, shouldn't it?}) 40. bxc6 bxc6 41. Nf3
Rxc5 42. Rc7 {You might think that Black is getting closer to a draw, but
White's active pieces mean that Black is still in big trouble.} f4 43. Nd4 Rc4
44. Nxc6 h5 45. Rc8+ Kg7 46. Ne7 Rxc8 47. Nxc8 g5 48. Nd6 Kg6 49. Kg1 Kf6 50.
Kf2 Ke5 51. Ne8 Kf5 52. Ke2 ({If you look ahead to the game continuation, you
might be surprised that one of the winning moves is} 52. h4 {as} g4 {fails in
this position} (52... gxh4 53. Kf3 Kg5 54. Nd6 h3 55. gxh3 Kh4 56. Kg2 f3+ 57.
Kh2 f2 58. Nf5+ Kg5 59. Ng3 {and the knight returns just in time.}) 53. Nc7 {
and Black's trick from the game doesn't work because White can check on e6 or
d5 to drive Black's king back at a time when White's king is still on f2
defending the g3 square.} f3 54. gxf3 Kf4 55. Ne6+ Kf5 56. Nd4+ Ke5 57. Ne2 {
The Black king never is able to attack White's h-pawn.}) 52... g4 $18 53. h4 $2
{This move is logical, as it keeps more pawns on the board. This is White's
only significant slip since gaining the advantage on move 13. But it is
sufficient to turn a win into a draw if Black has remained alert.} f3+ $1 $11
54. gxf3 Kf4 $1 {[#] Black is threatening to take both White pawns off the
board, and White can only stop it by sacrificing the knight to enter a drawn
pawn ending.} (54... gxf3+ $2 55. Kxf3 $18) 55. Kf2 gxf3 56. Nf6 Kf5 57. Kxf3 (
57. Nxh5 Kg4 {and White's last pawn will leave the board on the next move.} 58.
Nf6+ Kxh4) 57... Kxf6 58. Kf4 Kg7 59. Kg5 Kh7 60. Kxh5 Kg7 61. Kg5 Kh7 62. h5
Kg7 63. h6+ Kh7 64. Kh5 Kg8 65. Kg6 Kh8 66. h7 1/2-1/2

[Event "Oregon Junior Closed"]
[Site "?"]
[Date "2021.12.11"]
[Round "3"]
[White "Chang, Calvin"]
[Black "Marx, Jaden"]
[Result "0-1"]
[WhiteElo "1569"]
[BlackElo "1577"]
[Annotator "Wilson Gibbins"]
[PlyCount "92"]

1. e4 c6 {I always considered the Caro-Kann a way for positional players like
Botvinnik and Petrosian to take the starch out of the sails of attacking
players like Tal. Today it is played by aggressive players like Alireza
Firouzja. The pawn structure is unbalanced, most of the pieces stay on the
board - what is not to like?} 2. Nf3 d5 3. Nc3 Bg4 4. d4 e6 5. Be3 Nf6 6. e5
Ne4 7. a3 ({White has chances for the advantage in a messy position with} 7.
Nxe4 dxe4 8. h3 {This will be the last opportunity Jaden will give him.}) 7...
Qa5 8. Bd2 Nxd2 9. Qxd2 c5 10. dxc5 Bxc5 11. Qf4 Bxf3 12. Qxf3 {This is
natural, keeping queens on the board with a space advantage.} ({The less
natural computer recommendation is} 12. b4 $1 $15 {which is still better for
Black, but less so than the game continuation} Bxb4 13. Qxb4 Qxb4 14. axb4 Bh5
15. Nb5 {and Black has an extra pawn but the White knight arriving on d6 will
soon give him a few threats and some hope as compensation.}) 12... Nc6 {
Black stands very well in this position. At first glance you might notice
White's space advantage and strong light squared Bishop and think White has
some attacking chances. In reality, Black has an edge in development and a
weak pawn on e5 to target, so White won't get the opportunity to attack.} 13.
Bb5 {White trades off his wonderful light squared bishop to reduce the
pressure on his e5 pawn. It is White's best move, but it isn't much fun to
make.} O-O 14. Bxc6 bxc6 15. O-O Bd4 16. Rfe1 f6 $1 {Black's position
resembles the Advance variation of the French Defense where everything has
gone right.} 17. Qg4 fxe5 $1 18. Qxe6+ Kh8 19. Re2 Qb6 20. Nd1 e4 21. c3 Qb5
22. Rc2 Qd3 $1 23. Rac1 Rae8 24. Qxc6 $6 {why not grab a pawn for your
troubles?} ({especially when the engine recommends the defeatist line} 24. Qxe8
Rxe8 25. cxd4 Qxd4) 24... e3 $1 {because now Black's position is overhwelming.}
25. cxd4 e2 26. Rxe2 Qxe2 27. h3 Qd2 28. Qc3 Re1+ 29. Kh2 Rxd1 {Black is a
rook up and clearly winning.} ({A cute computer sideline is} 29... Qf4+ 30. g3
({better but insufficient is} 30. Qg3 Qxc1) 30... Qxf2+ 31. Nxf2 Rxf2#) 30.
Rxd1 Qxd1 31. Qc5 Re8 32. Qxd5 Qe2 33. Qf7 Qe7 34. Qf5 Rd8 35. Qg4 Qd6+ 36. f4
Qxd4 37. Qf5 Qxb2 38. Qa5 Qd4 39. Qc7 Qd6 40. Qc4 Qxa3 41. h4 Rb8 42. Qc7 Qb4
43. Qxa7 Qxf4+ 44. g3 Rb2+ 45. Kh3 Qf5+ 46. g4 Qf3# 0-1

[Event "Washington Class Championships"]
[Site "Bellevue, WA"]
[Date "2021.11.26"]
[Round "6"]
[White "Hosford, Michael"]
[Black "Liu, Austin"]
[Result "0-1"]
[WhiteElo "1881"]
[BlackElo "1864"]
[Annotator "Austin Liu"]
[PlyCount "78"]
[EventDate "2021.11.26"]
[EventType "swiss"]
[EventRounds "6"]
[EventCountry "USA"]

{[%evp 0,78,29,32,23,36,48,43,28,19,19,30,30,22,39,10,12,5,11,-25,-22,-22,-34,
-34,-6,-3,9,5,0,-13,-7,-12,-10,-10,-8,-27,-43,-112,-99,-105,-97,-92,-125,-130,
-98,-96,-102,-102,-94,-94,-62,-77,-20,-14,2,-27,-11,-11,-7,-84,-67,-89,-110,
-94,-88,-75,-90,-152,-149,-155,-154,-178,-172,-178,-220,-288,-303,-309,-310,
-309,-332]} 1. d4 Nf6 2. Nf3 g6 3. Bg5 Bg7 4. Nbd2 d5 5. e3 O-O 6. Bd3 b6 {
A solid option. I considered c5 but decided getting back the pawn if he played
dxc5 would take too much time.} 7. Qe2 {Keeping the option of castling
queenside open.} c5 8. c3 Bb7 9. Ne5 Nbd7 10. Nxd7 Nxd7 (10... Qxd7 {I
considered this, since it's a natural capture, but I felt that after White
plays f3 later, my knight will be misplaced.}) 11. O-O {At this point, my plan
was to go f6-e5, but I wanted to be able to recapture with the pawn, which I
couldn't do because of the pin. However, in fact capturing with the knight is
perfectly fine.} Re8 $6 (11... f6 $1 12. Bh4 e5 13. dxe5 Nxe5 14. Ba6 Bxa6 15.
Qxa6 Qc8 {the endgame is good for Black due to his better placed pieces.} 16.
Qe2 Qe6 {and Black will play f5 and have a pleasant position due to his space
advantage.}) 12. f4 Qc7 13. f5 e5 $1 {Countering a flank attack with
counterplay in the center. Now comes on of the critical moments of the game;
how does White respond? He can play fxg6, f6, fxe6, or keep the tension with
Qg4.} 14. f6 (14. fxe6 Rxe6 $44 {and my opponent's e3-pawn will be a hindrance
for him. Black has no problems in this position, since any attack along the
f-file can be easily defended against.}) (14. fxg6 fxg6 {Allowing Black to
fight for the f-file.} 15. Qg4 Qd6 $44 {Stopping any Qe6+ ideas. Black will
soon place his rooks on f8 and e8, with a good position.}) (14. Qg4 $1 {
In my opinion, the best move. White keeps his options open, leaving Black
without a clear plan. White can then choose whether to play f6 or capture on
g6 at the time of his choice, depending on what Black does.}) 14... Bf8 {
A difficult decision. On h8, the bishop attacks the f6-pawn, but might be
trapped later.} 15. Qg4 e4 {Taking away the important f3-square from White.}
16. Bb5 {Presumably White doesn't want to lose time dropping back the bishop,
but it also exhanges his good bishop for my bad one.} Bc6 17. Bxc6 Qxc6 18. h4
$2 {We both agreed afterwards that this was the critical mistake.} Qe6 $6 (
18... h6 $1 {I considered this for a while.} 19. h5 $1 {Obviously the only
practical try.} hxg5 20. hxg6 Nxf6 21. Qxg5 Bg7 22. gxf7+ Kxf7 $19 {This line
is in fact just winning for Black, and objectively I should have gone for it.
In the game though, I was under a lot of pressure and went for the "safer"
option.}) 19. Qf4 Bd6 20. Qf2 Qg4 {Black threatens a queen trap with Bg3.} 21.
Rae1 c4 $6 {My idea here was to go into an endgame where I have an advantage
due to my better minors and space advantage. However, there is an even better
option.} (21... Bg3 $1 22. Qe2 {with the idea that Black's queen is en prise.}
Qe6 23. Rb1 h6 $1 24. Bxh6 Nxf6 $19 {and White is losing across the board.})
22. Qe2 Qxe2 23. Rxe2 Bg3 {Stopping any counterplay with g4.} 24. h5 $5 {
White needs to try something. If he waits one more move, Black plays h5
himself.} Nf8 $6 {This isn't necessary at all.} (24... gxh5 $4 25. Rf5 $1 $14)
25. Bf4 Bxf4 $6 {Trading bishops for no good reason.} (25... Bh4 {I was
worried about my bishop getting trapped here, but White doesn't have anything,
since Black always captures f6 in time with Re6 and/or Nd7.}) 26. Rxf4 {
So now I've managed to really ruin things. I now try to desperately capture f6
before White gets g4-g5.} Re6 27. Nf1 {The start of the wrong plan, in my
opinion, although this isn't a mistake.} (27. g4 {was the move I was worried
about.} h6 {I realized this doesn't work due to} 28. hxg6 fxg6 29. Rh2 $1 Kh7
30. g5 h5 {and Black doesn't have anything.}) 27... Nd7 28. Ref2 Rc8 29. hxg6
fxg6 30. Nh2 $2 (30. g4 {is the only saving move now.} h6 31. g5 $1 hxg5 32.
Rg4 Rf8 33. Rxg5 Rexf6 34. Rxf6 Nxf6 35. Rxg6+ Kf7 {This is a good position
for sure, but with correct play White should definitely draw this.}) 30... Rf8
31. Ng4 h5 {and suddenly the f-pawn becomes undefendable.} 32. f7+ Kg7 33. Nh2
$2 {Missing the last chance for a draw. In fairness, my opponent was probably
demoralized and tired from hours of playing this exhausting game.} (33. Ne5
Nxe5 34. dxe5 Rxe5 $15 {I saw this in the game, and I realized it's
surprisingly difficult to convert the advantage here, due to the weak d5-pawn.}
) 33... Rf6 34. Rxf6 Nxf6 35. b3 Rxf7 36. bxc4 dxc4 37. Rb2 Nd5 38. Nf1 Nxc3
39. Rc2 Nd5 {and at this point he realized Rxc4 fails to Rxf1+ and Nxe3+, so
he duly resigned.()} 0-1